U.S. States With The Most 100K Cities - Statistics

General Stats
  • This quiz has been taken 83 times
  • The average score is 10 of 11
Answer Stats
# State % Correct
73 California
100%
42 Texas
100%
23 Florida
97%
12 Arizona
95%
9 Washington
92%
8 Georgia
91%
10 North Carolina
91%
8 Illinois
88%
12 Colorado
87%
8 Virginia
78%
9 Massachusetts
74%
No matching quizzes found
Score Distribution
Percent of People with Each Score
Percentile by Number Answered
Your Score History
You have not taken this quiz